00550nam a2200181 a 45000010010000000030011000100080041000210350026000620820018000881000016001062450052001222600033001746500024002079420012002319520090002439980020003339990015003530000-8993ELIB.Books110520 0000  a(ELIB.Books)0000-9142 a268.432 bGil aGil, Eliana aTreatment of adult Survivors of Childhood Abuse bCalifornia: Launch Press c0 aChristian Education 2ddccBK 00102ddc4070aKBTSbKBTSd2011-05-20l0p9455r2022-01-22 00:00:00w2022-01-22yBK cbate2011-05-20 c8993d8993